| Registos Bibliográficos associados ao registo de autoridade |
|
Etiqueta de registo: 00254nam 2200025 450 001 2284491 003 http://id.bnportugal.gov.pt/bib/catbnp/2284491 100 ## $a20260415d2025 k y0pory01030103ba 101 0# $aeng$dpor 102 ## $aPT 105 ## $aa m 000yy 106 ## $ar 200 1# $aWomen, drugs, prison$eprofile and pathways of women incarcerated in Italy$fMarialinda Montanari$gorient. Anália Maria Cardoso Torres, Emma Plugge 210 #9 $aLisboa$c[s.n.],$d2025 215 ## $aXXVI, 449 p.$cil.$d30 cm$ecurriculum vitae ([13] f.) 328 #1 $aTese dout. Estudos de Género, Faculdade Superior de Ciências Sociais e Políticas,
Universidade de Lisboa, 2025 675 ## $a343.91-055.2(450+469)(043)$vBN$zpor$31999264 675 ## $a343.97-055.2(450+469)(043)$vBN$zpor$31999265 675 ## $a316.346-055.2(450+469)(043)$vBN$zpor$31999272 700 #1 $aMontanari,$bMarialinda$31995832 702 #1 $aTorres,$bAnália Cardoso,$f1954-$4727$342192 702 #1 $aPlugge,$bEmma$4727$31995830 801 #0 $aPT$bBN$gRPC 966 ## $lBN$mFGMON$sS.C. 169217 V.$x1 971 ## $ccsilva$d20260415 972 ## $e0$z0$d20260602$vasantos 973 ## $caalmeid$d20260526
|
|
|